Big Movie Posters Quiz Stats

 Plays Quiz Updated May 2, 2018

Score 0/18 Timer 04:00
1 Play Today
% Correct
My Big Fat Greek Wedding
95.4%
Piglet's Big Movie
94.1%
Big Momma's House
93.4%
Big Hero 6
91.2%
Big
89.7%
Big Daddy
89.7%
Pee-wee's Big Adventure
87.1%
The Big Blue
87.1%
Big Eyes
85.8%
% Correct
The Big Short
81.1%
The Big Lebowski
80.6%
Big Fish
75.7%
The Big Country
73.6%
Big Trouble in Little China
67.8%
Little Big Man
60.6%
The Big Heat
59.3%
The Big Sleep
59%
Bright Lights, Big City
52.8%

You're not logged in!

Compare scores with friends on all Sporcle quizzes.
OR
Log In

Show Comments

Extras

Top Quizzes Today


Score Distribution

Your Account Isn't Verified!

In order to create a playlist on Sporcle, you need to verify the email address you used during registration. Go to your Sporcle Settings to finish the process.

Report this User

Report this user for behavior that violates our Community Guidelines.

Details: